| 000 | 00830nam a22002297a 4500 | ||
|---|---|---|---|
| 999 |
_c7423 _d7423 |
||
| 003 | AR-CdUCM | ||
| 008 | 190320b ||||| |||| 00| 0 spa d | ||
| 040 |
_aMUNICIPALIDAD PROVINCIAL DEL CUSCO _cBIBLIOTECA MUNICIPAL DEL CUSCO |
||
| 041 | _heng. | ||
| 082 |
_a691.08 / _bCM |
||
| 100 |
_aMoffatt, William G, _920938 |
||
| 245 | _aEstructura / | ||
| 260 |
_aMéxico : _bLimusa, _c1968. |
||
| 300 |
_a244 paginas ; _bDiagramas, ilustraciones, _c23 cm. |
||
| 440 |
_aCiencia de los materiales _920939 |
||
| 505 | _aContenido :Electrones y uniones --Ordenamiento atómico --Estructura cristalina --Imperfecciones en cristales --Solidos no cristalinos ... | ||
| 650 |
_aCiencias materiales _920940 |
||
| 650 |
_aEstructura _941 |
||
| 700 |
_aAdolfo Grinberg Finkelstein (traductor) _920941 |
||
| 942 |
_2ddc _cLIBROS |
||
| 945 | _arjall | ||